El armamento entre los mexicas
Saved in:
| Main Author: | |
|---|---|
| Format: | Book |
| Language: | Spanish |
| Published: |
Madrid
Consejo Superior de Investigaciones Científicas
2007
|
| Series: | Anejos de Gladius, 11
|
| Subjects: | |
| Tags: |
Add Tag
No Tags, Be the first to tag this record!
|
MARC
| LEADER | 00000nam a2200000 a 4500 | ||
|---|---|---|---|
| 001 | UCI7995 | ||
| 003 | CL-VaPUC | ||
| 008 | 080731e20070000SP |||||||||||||||||spa|d | ||
| 020 | |a 978840096813083 | ||
| 082 | 0 | 4 | |a 972.01 |b CER |2 21 |
| 100 | 0 | |a Cervera Obregón, Marco Antonio |e author |9 531447 | |
| 245 | 1 | 3 | |a El armamento entre los mexicas |
| 300 | |a 201 p | ||
| 942 | |c BK | ||
| 945 | |d 20080731 00:00:00 |a jtorresc | ||
| 260 | |a Madrid |b Consejo Superior de Investigaciones Científicas |c 2007 | ||
| 650 | 0 | |a Revolución mexicana |9 369585 | |
| 650 | 0 | |a Armamento |9 357063 | |
| 650 | 0 | |a Militares |9 336881 | |
| 650 | 0 | |a Armamento |x Aspectos económicos |9 531448 | |
| 650 | 0 | |a Ejército |9 321857 | |
| 650 | 0 | |a Armas |v Historia |9 323074 | |
| 650 | 7 | |a CULTURA MEXICANA |2 CL-VaPUC |9 531449 | |
| 583 | |a last modification |c 20080731 00:00:00 |k Rodrigo Vera | ||
| 490 | 0 | |a Anejos de Gladius, 11 | |
| 999 | |c 331099 |d 331097 | ||
| 952 | |0 0 |1 0 |4 0 |6 972_010000000000000_CER_2007 |7 0 |8 A |9 417219 |a BIBHIS |b BIBHIS |d 2019-11-22 |i 446821K |o 972.01 CER 2007 |p 446821K |r 2025-01-20 |w 2019-11-22 |y BK |k HIS | ||